Panem et circenses. Les rois finançaient-ils les spectacles sous l’Ancien Régime ? (notice n° 1648482)
[ vue normale ]
| 000 -LEADER | |
|---|---|
| fixed length control field | 01955cam a2200217 4500500 |
| 005 - DATE AND TIME OF LATEST TRANSACTION | |
| control field | 20260208003652.0 |
| 041 ## - LANGUAGE CODE | |
| Language code of text/sound track or separate title | fre |
| 042 ## - AUTHENTICATION CODE | |
| Authentication code | dc |
| 100 10 - MAIN ENTRY--PERSONAL NAME | |
| Personal name | Serre, Solveig |
| Relator term | author |
| 245 00 - TITLE STATEMENT | |
| Title | Panem et circenses. Les rois finançaient-ils les spectacles sous l’Ancien Régime ? |
| 260 ## - PUBLICATION, DISTRIBUTION, ETC. | |
| Date of publication, distribution, etc. | 2022.<br/> |
| 500 ## - GENERAL NOTE | |
| General note | 59 |
| 520 ## - SUMMARY, ETC. | |
| Summary, etc. | L’Ancien Régime n’a pas développé un soutien financier systématique pour les arts. Cependant, l’octroi de privilèges à certaines institutions resserre durablement les liens existants entre le politique et la Culture. Les évolutions postérieures, de la Révolution française à nos jours, en portent d’ailleurs la trace. En se concentrant sur l’exemple de l’Opéra de Paris, cet entretien révèle comment les productions culturelles, tantôt disciplinées, tantôt subversives, ont suscité l’attention des puissants et de leurs détracteurs durant cette période. |
| 520 ## - SUMMARY, ETC. | |
| Summary, etc. | The Ancien Régime had not developed systematic financial support for art. However, the granting of privileges to certain institutions sustainably strengthened the links between politics and culture. From the Revolution to the present days, the subsequent developments of theses links are influenced by this period. Focusing on the example of the Paris Opera, this interview reveals how cultural production, at times disciplined, at others subversive, attracted the attention of the leaders and their opponent during this epoch. |
| 690 ## - LOCAL SUBJECT ADDED ENTRY--TOPICAL TERM (OCLC, RLIN) | |
| Topical term or geographic name as entry element | Ancien Régime ; privilèges ; Opéra de Paris ; absolutisme ; hiérarchie culturelle |
| 690 ## - LOCAL SUBJECT ADDED ENTRY--TOPICAL TERM (OCLC, RLIN) | |
| Topical term or geographic name as entry element | Ancien Régime; privileges; Paris Opera; absolutism; cultural hierarchy |
| 700 10 - ADDED ENTRY--PERSONAL NAME | |
| Personal name | Kniaz, Alix |
| Relator term | author |
| 700 10 - ADDED ENTRY--PERSONAL NAME | |
| Personal name | Soleiman, François |
| Relator term | author |
| 786 0# - DATA SOURCE ENTRY | |
| Note | Regards croisés sur l'économie | 30-31 | 1 | 2022-11-22 | p. 17-27 | 1956-7413 |
| 856 41 - ELECTRONIC LOCATION AND ACCESS | |
| Uniform Resource Identifier | <a href="https://shs.cairn.info/revue-regards-croises-sur-l-economie-2022-1-page-17?lang=fr&redirect-ssocas=7080">https://shs.cairn.info/revue-regards-croises-sur-l-economie-2022-1-page-17?lang=fr&redirect-ssocas=7080</a> |
Pas d'exemplaire disponible.




Réseaux sociaux